Statistics for えちぜん鉄道の駅

Click here to take the quiz!

General Stats

  • This quiz has been taken 5 times
  • The average score is 32 of 44

Answer Stats

HintAnswer% Correct
E1福井
100%
E12永平寺口
100%
E43三国
100%
E40あわら湯のまち
100%
E32鷲塚針原
100%
E30新田塚
100%
E26田原町
100%
E2新福井
100%
E23勝山
100%
E44三国港
100%
E3福井口
100%
E7東藤島
75%
E42三国神社
75%
E4越前開発
75%
E39番田
75%
E38本荘
75%
E36下兵庫こうふく
75%
E35西長田ゆりの里
75%
E34西春江ハートピア
75%
E33太郎丸エンゼルランド
75%
E5越前新保
75%
E31中角
75%
E11志比堺
75%
E27福大前西福井
75%
E25西別院
75%
E21発坂
75%
E9観音町
75%
E13下志比
75%
E17山王
75%
E20保田
75%
E18越前竹原
75%
E22比島
75%
E24まつもと町屋
50%
E29八ツ島
50%
E37大関
50%
E16越前野中
50%
E15
50%
E14光明寺
50%
E41水居
50%
E28日華化学前
50%
E8越前島橋
50%
E10松岡
50%
E6追分口
25%
E19小舟渡
25%

Score Distribution

Percentile by Number Answered

Percent of People with Each Score

Your Score History

You have not taken this quiz